1040 1413 1715 1918 1889 1320 1828 1871 1721 1098 1308 1301 1591 1339 1102 1436 1485 1240 1193 1445 1577 1530 1711 1107 1505 1630 1185 1778 1619 1273 1799 1865 1558 1484 1264 1834 1695 1244 1764 1837 1557 1081 1397 1519 1976 1738 1502 1059 1707 1812 1472 1812 1008 1571 1408 1040 1874 1708 1981 1288 1019 1732 1628 1581 1333 1305 1037 1972 1173 1818 1951 1547 1980 1095 1481 1916 1409 1021 1438 1371 1995 1576 1794 1077 1090 1549 1753 1865 1350 1692 1344 1332 1255 1790 1957 1465 1838 1983 1589 BCNSPRNW ULIB Ver.6.0+V

เปลี่ยนเป็นภาษาไทย

Change to English
 แสดงรายละเอียดบรรณานุกรม
  กลับหน้าหลัก

Brief Record : Get Marc (ISO 2709) : E-mail record : QR code < ปิดหน้าต่าง
LEADER : 00000nam 2200000uu 4500
001    13399112695
003     ULIB
008    110627s2551||||th 000 0 tha d
020    9789740537823
090    นว.^bจ757ห 2551
100 0  เจ้าปลาน้อย
245 00 หัวใจตัวร้ายนัดให้นายมาปล้นรัก/^cเจ้าปลาน้อย
250    พิมพ์ครั้งที่ 1
260    กรุงเทพฯ :^bแจ่มใส,^c2551
300    168 หน้า
710 1  แจ่มใส
945    ^p139^l0^i026776
995    ทศพร
999 ^a ใช้งานได้ทุกระบบ
รายการนี้ยังไม่มีแท็ก
คุณยังไม่ได้ล็อกอิน คุณสามารถมีกิจกรรมร่วมกับเว็บไซต์ได้ แต่ต้องล็อกอินก่อน ::
  ล็อกอิน

รายการสื่อสารสนเทศ

ลำดับที่ ประเภท เลขเรียก/บาร์โค้ด สถานที่ สถานะ
- ไม่พบข้อมูล -

รายการใกล้เคียง
    ผู้แต่ง [เจ้าปลาน้อย]

BibComment


ยังไม่เคยถูกคอมเมนท์

คอมเมนท์ทรัพยากรรายการนี้
  คอมเมนท์: หัวใจตัวร้ายนัดให..


 Copyright 2026. Bcnsprnw @Library